La obra de Lucas
محفوظ في:
| المؤلف الرئيسي: | |
|---|---|
| التنسيق: | كتاب |
| اللغة: | الإسبانية |
| منشور في: |
Pamplona
Verbo Divino
2003
|
| سلاسل: | Cuadernos Bíblicos, 114
|
| الموضوعات: | |
| الوسوم: |
إضافة وسم
لا توجد وسوم, كن أول من يضع وسما على هذه التسجيلة!
|
MARC
| LEADER | 00000nam a2200000 a 4500 | ||
|---|---|---|---|
| 001 | UCH8826 | ||
| 003 | CL-VaPUC | ||
| 008 | 091211e20030000SP |||||||||||||||||spa|d | ||
| 020 | |a 8481695270 | ||
| 082 | 0 | 4 | |a 226.4 |b FLI |2 21 |
| 100 | 0 | |a Flichy, Odile |e author |9 545530 | |
| 245 | 1 | 3 | |a La obra de Lucas |
| 300 | |a 66 p | ||
| 942 | |c BK | ||
| 945 | |d 20091211 00:00:00 |a dcastane | ||
| 260 | |a Pamplona |b Verbo Divino |c 2003 | ||
| 650 | 0 | |a Biblia |9 257603 | |
| 650 | 0 | |a Nuevo testamento |9 257604 | |
| 650 | 0 | |a Lucas |x Hechos de los Apóstoles |9 545531 | |
| 650 | 7 | |a Lc 1, 1-4 y Hch 1, 1-3; Lc1-4 y Hch 28; Lc 4, 16-44 |2 CL-VaPUC |9 545532 | |
| 583 | |a last modification |c 20130402 10:08:30 |k Rodrigo Vera | ||
| 490 | 0 | |a Cuadernos Bíblicos, 114 | |
| 999 | |c 338933 |d 338931 | ||
| 952 | |0 0 |1 0 |4 0 |6 226_400000000000000_FLI_2003 |7 0 |8 A |9 432238 |a BIBTEO |b BIBTEO |d 2019-11-22 |i 4623231 |o 226.4 FLI 2003 |p 4623231 |r 2025-01-17 |w 2019-11-22 |y BK |k ICR | ||